Word Ladder: Amphibian 'Friends' Quiz Stats

Quiz Updated Aug 21, 2016

Challenge
Share
Tweet
Embed
Score 0/12 Timer 01:30
0 Plays Today
Hint 4-Letter Word % Correct
An online journal or personal websiteBLOG
97.3%
A vessel that operates on the waterBOAT
97.1%
A spot or stain, especially of ink on paperBLOT
96.6%
Darkened like a fontBOLD
95.1%
Relayed a storyTOLD
95.1%
Pants supporterBELT
95%
The Go-Go's 'We got the ___'BEAT
94.4%
A shoe often made of rubber or leatherBOOT
93.9%
Disney dog voiced by John TravoltaBOLT
93.8%
To hit with a whip or stick as punishmentFLOG
90.7%
Arnold Lobel character and 'friend' of [Last Rung]FROG
72%
Arnold Lobel character and 'friend' of [First Rung]TOAD
68.1%

Today's Daily Dose

Word Ladder
Summertime

On This Day
June 23rd II

You're not logged in!

Compare scores with friends on all Sporcle quizzes.
Join for Free
OR
Log In

You Might Also Like...

Show Comments

Extras

Top Quizzes Today


Score Distribution

Your Account Isn't Verified!

In order to create a playlist on Sporcle, you need to verify the email address you used during registration. Go to your Sporcle Settings to finish the process.

Report this User

Report this user for behavior that violates our Community Guidelines.

Details: